000 00691nam a2200289Ia 4500
005 20260324141506.0
008 008 260324s9999 xx 000 0 eng d
020 _a9780203195871
037 _aEBOOK
040 _aCRL
040 _beng
040 _cCRL
041 _2eng
041 _aeng
084 _qCRL
100 _aDavid Clark
_91208397
245 4 _aThe Enlargement and Integration of the European Union
245 0 _bIssues and Strategies
260 _bTaylor and Francis
260 _c1997
365 _a
365 _b210
856 _uhttp://www.taylorfrancis.com/books/9780203195871
942 _cEBOOK
999 _c1811546
_d1811546